000 00566nam a22001577a 4500
003 OSt
005 20150912080544.0
008 150912b xxu||||| |||| 00| 0 eng d
040 _cRUA
082 _aAGR លន 1996 B015 Or.1
100 _9292
_aលន សុជាតា
245 _aបច្ចេកទេសជៀរជ័រនិងការថែទាំកៅស៊ូអាជីវកម្មនៅក្រុមហ៊ុនចំការកៅស៊ូជុប
260 _aPhnom Penh
_bRUA
_c1996
300 _a100p.
_bill.
_c29cm.
942 _2ddc
_cAGR
999 _c271
_d271